A carregar...
ശ്രീനാരായണഗുരുവിൻെറ അതീന്ദ്രീയസിദ്ധികൾ/
| Autor principal: | |
|---|---|
| Publicado em: |
Thalassery:
Sree Narayana Bhasha Patana Kendram,
2004.
|
| Assuntos: |
| LEADER | 00399nam a22001097a 4500 | ||
|---|---|---|---|
| 100 | |a ചമ്പാടൻ വിജയൻ . | ||
| 245 | |a ശ്രീനാരായണഗുരുവിൻെറ അതീന്ദ്രീയസിദ്ധികൾ/ | ||
| 260 | |a Thalassery: |b Sree Narayana Bhasha Patana Kendram, |c 2004. | ||
| 300 | |a 68p.; | ||
| 650 | |a Memoirs-Sree Narayana Guru | ||
| 942 | |c BK | ||
| 999 | |c 48010 |d 48010 | ||